[Event "FISCA Online op"]
[Site "Chess.com INT"]
[Date "2020.06.25"]
[Round "6"]
[White "Sage, J Timothy"]
[Black "Ciocan, Ariana Roxana"]
[Result "1-0"]
[WhiteElo "2051"]
[BlackElo "1548"]
[PlyCount "55"]
[EventDate "2020.06.19"]
[EventType "swiss"]
[EventRounds "9"]
[EventCountry "ROU"]
[SourceTitle "CBM 197 Extra"]
[Source "ChessBase"]
[SourceDate "2020.09.30"]
[SourceVersion "1"]
[SourceVersionDate "2020.09.30"]
[SourceQuality "1"]

1. e4 e5 2. Nf3 Nc6 3. Nc3 Nf6 4. d4 Bb4 5. Nxe5 Nxe5 6. dxe5 Nxe4 7. Qg4 Nxc3 8. Qxb4 Nd5 9. Qg4 g6 10. Bh6 Qe7 11. 0-0-0 d6 12. Qd4 Be6 13. exd6 Qf6 14. Qxf6 Nxf6 15. Bg7 Ne4 16. Bxh8 Nxf2 17. d7+ Bxd7 18. Re1+ Be6 19. Rg1 Ke7 20. Bd4 Ng4 21. h3 Nh6 22. g4 Rd8 23. Bc5+ Ke8 24. Bc4 Kd7 25. Rd1+ Kc8 26. Rxd8+ Kxd8 27. Bxe6 fxe6 28. Rf1 1-0

[Event "FISCA Online op"]
[Site "Chess.com INT"]
[Date "2020.06.22"]
[Round "4"]
[White "Sage, J Timothy"]
[Black "Arvind, Ramnath Iyer"]
[Result "1-0"]
[WhiteElo "2051"]
[BlackElo "1602"]
[PlyCount "87"]
[EventDate "2020.06.19"]
[EventType "swiss"]
[EventRounds "9"]
[EventCountry "ROU"]
[SourceTitle "CBM 197 Extra"]
[Source "ChessBase"]
[SourceDate "2020.09.30"]
[SourceVersion "1"]
[SourceVersionDate "2020.09.30"]
[SourceQuality "1"]

1. e4 c5 2. Nf3 d6 3. g3 Nf6 4. d3 g6 5. Bg2 Bg7 6. 0-0 0-0 7. Re1 Nc6 8. c3 e5 9. a3 Re8 10. b4 a6 11. Nbd2 cxb4 12. axb4 Bg4 13. h3 Bxf3 14. Qxf3 Rc8 15. Nb3 Qe7 16. Bd2 Red8 17. c4 d5 18. exd5 Nxb4 19. Rab1 Nc2 20. Rec1 Na3 21. Ra1 e4 22. dxe4 Nxc4 23. Bc3 Ne5 24. Qe2 Nc4 25. Bd4 b5 26. Qd3 Ne5 27. Qb1 Nfd7 28. Rxa6 Qb4 29. Rd1 Rc4 30. f4 Nf3+ 31. Bxf3 Bxd4+ 32. Nxd4 Rxd4 33. Qxb4 Rxb4 34. Rd6 Kf8 35. Rc1 Ke7 36. e5 h5 37. Rc7 Rb1+ 38. Kf2 Rb2+ 39. Be2 Ke8 40. Ke3 Rb3+ 41. Kd4 Rb2 42. Bd3 Rd2 43. Kc3 Rd1 44. Kc2 1-0

[Event "Continental op 48th"]
[Site "Sturbridge"]
[Date "2018.08.20"]
[Round "9"]
[White "Riddell, Connor"]
[Black "Sage, J Timothy"]
[Result "0-1"]
[WhiteElo "1716"]
[BlackElo "2036"]
[PlyCount "58"]
[EventDate "2018.08.16"]
[EventType "swiss"]
[EventRounds "9"]
[EventCountry "USA"]
[SourceTitle "CBM 186 Extra"]
[Source "ChessBase"]
[SourceDate "2018.08.24"]
[SourceVersion "1"]
[SourceVersionDate "2018.08.24"]
[SourceQuality "1"]

1. e4 Nc6 2. Nf3 d6 3. d4 Nf6 4. Nc3 g6 5. h3 Bg7 6. Be3 0-0 7. Be2 e5 8. dxe5 Nxe5 9. 0-0 Nxf3+ 10. Bxf3 Re8 11. Qd2 Be6 12. Rad1 Nd7 13. Be2 Nb6 14. b3 Bd7 15. Bd4 Bc6 16. Bxg7 Kxg7 17. f4 Nd7 18. Bf3 f6 19. b4 a6 20. g4 g5 21. h4 h6 22. hxg5 hxg5 23. Kg2 Nf8 24. Rh1 Ng6 25. fxg5 fxg5 26. Nd5 Bxd5 27. exd5 Qf6 28. Qd4 Re5 29. Rdf1 Re2+ 0-1